Statistiques concernant Les sept collines de Rome

Cliquez ici pour prendre le quiz!

Statistiques générales

  • Ce quiz a été pris 76 fois
  • Le résultat moyen est 4 sur 7

Statistiques - réponses

Collines% Correct
Palatin
85%
Capitole
78%
Aventin
73%
Quirinal
65%
Viminal
52%
Esquilin
50%
Caelius
45%

Distribution des résultats

Percentile par nombre de réponses

% des personnes avec chaque résultat

Votre développement - résultats

Vous n’avez pas pris ce quiz